Nomi dei calciatori - Quiz n°24 - Statistics

Statistiche generali
  • Questo quiz è stato fatto 1.084 volte
  • Il punteggio medio è 6 su 10
Statistiche sulle risposte
Hint Risposta % Corretto
Donnarumma Gianluigi
91%
Szczęsny Wojciech
84%
Dia Boulaye
68%
Rugani Daniele
67%
Lacazette Alexandre
66%
Milner James
55%
Silvestri Marco
55%
Raggi Andrea
52%
Paletta Gabriel
51%
Mertesacker Per
46%
Nessun quiz corrispondente trovato
Distribuzione punteggi
Percentuale di utenti per punteggio
Percentile per numero di risposta
I tuoi punteggi nel tempo
Non hai fatto questo quiz